Calendario Ambiental Corredor Biológico Río Blanco - Torre IV ( Cuenca Alta del Río Chinchiná) (Registro nro. 6609)

Detalles MARC
000 -CABECERA
Campo de control 01701nam a2200241 a 4500
005 - FECHA Y HORA DE LA ULTIMA TRANSACCION
Campo de control 20180803165405.0
008 - ELEMENTOS DE LONGITUD FIJA—INFORMACION GENERAL
Campo de control 140129b2007 ck ||||| |||| 00| 0 spa d
041 ## - IDIOMA
Código de idioma para texto/pista de sonido o título separado Español
044 ## - PAÍS DE PUBLICACIÓN
País de publicación Colombia
090 ## - CLASIFICACIÓN LOCAL
Colección IAVH
Consecutivo 01014
245 ## - MENCION DE TITULO
Título Calendario Ambiental Corredor Biológico Río Blanco - Torre IV ( Cuenca Alta del Río Chinchiná)
260 ## - PUBLICACION, DISTRIBUCION, ETC. (PIE DE IMPRENTA)
Lugar de publicación, distribución, etc. Bogotá
Nombre del editor, distribuidor, etc. Instituto Alexander von Humboldt
-- Coorpocaldas
-- Fundación Pangea
-- PROCUENCA
-- FAO
Fecha de publicación, distribución, etc. 2007
300 ## - DESCRIPCION FISICA
Extensión 28 p.
520 ## - NOTA DE RESUMEN, ETC.
Nota de resumen El calendario Ambiental 2008 - 2009 Corredor Biológico Río Blanco - Torre IV (Cuenca Alta del Río Chinchiná), hace parte de las socialización de los resultados del proceso de conservación del recurso hídrico en la Cuenca Alta del río Chinchiná, que permitió establecer el corredor biológico entre las resevas forestales Chec, Torre IV y Río Blanco y cuyo resultado fue la caracterización biológica y socio-económica de una ventana de 2.500 hectáreas en la cuenca lata del río Chinchiná, generando la línea base biológica y socioeconómica fundamental para el desarrollo de la estrategia de conservación; a partir de lo cual se diseñaron las HMP, la elaboración del mapa del corredor que conectará a San Pablo con las reservas de Río Blanco, Torre IV, y la Chec y como primera fase de establecimiento del corredor biológico en la vereda el Paraíso, se aislaron 5.85 km. de quebradas y se establecieron 7 nuevas hectáreas de conservación.
650 ## - ASIENTO SECUNDARIO DE MATERIA - TERMINO TEMATICO
Término temático o nombre geográfico como elemento de entrada Calendario
650 ## - ASIENTO SECUNDARIO DE MATERIA - TERMINO TEMATICO
Término temático o nombre geográfico como elemento de entrada Corredor Biológico
650 ## - ASIENTO SECUNDARIO DE MATERIA - TERMINO TEMATICO
Término temático o nombre geográfico como elemento de entrada Socialización
650 ## - ASIENTO SECUNDARIO DE MATERIA - TERMINO TEMATICO
Término temático o nombre geográfico como elemento de entrada HMP
650 ## - ASIENTO SECUNDARIO DE MATERIA - TERMINO TEMATICO
Término temático o nombre geográfico como elemento de entrada Conservación
650 ## - ASIENTO SECUNDARIO DE MATERIA - TERMINO TEMATICO
Término temático o nombre geográfico como elemento de entrada Recurso hídrico
942 ## - ELEMENTOS ADICIONALES (KOHA)
Tipo de ítem CD-ROM
Sistema de clasificación Local
945 ## - PROCESAMIENTO LOCAL
AAAA-MM-DD - Fecha de ingreso o modificacion 2008-09-24

No hay ítems disponibles.